| 000 | 00556nam a22001817a 4500 | ||
|---|---|---|---|
| 003 | 0 | ||
| 005 | 20160609170222.0 | ||
| 008 | 101213t xxu||||| |||| 00| 0 eng d | ||
| 040 |
_aBUAC _cBEPAC |
||
| 100 |
_aAssogba, S. K. Ghislain _912284 |
||
| 130 |
_lfr _912285 |
||
| 245 | _aTypologie en post-partum chez les cesatisées à l'aide du materiel de colchez-Sussman | ||
| 260 |
_aABOMEY-CALAVI _bEPAC-UAC _c2007 |
||
| 300 | _aXV-98p. | ||
| 650 |
_aTYPOLOGIE PELVIENNE _bCESATISEE _912286 |
||
| 700 |
_aTcheme, A. Vidjennagni Benoît _912287 |
||
| 942 | _cTHE | ||
| 999 |
_c48547 _d48547 |
||